| 000 | 00683nam a2200229 a 4500 | ||
|---|---|---|---|
| 001 | 13489 | ||
| 003 | BD-JhCC | ||
| 005 | 20231017073912.0 | ||
| 008 | 231016b20222023bg | ||| ||a| 000 0 b d | ||
| 020 | _a9789845251143 | ||
| 035 | _a(BD-JhCC)134890 | ||
| 040 |
_aBD-JhCC _dBD-JhCC |
||
| 041 | _abengali | ||
| 082 |
_a781.62009 _bMUR 2023 |
||
| 100 | _aমুরশিদ, গোলাম | ||
| 245 |
_aবাংলা গানের ইতিহাস / _cগোলাম মুরশিদ । |
||
| 260 |
_aঢাকা: _bপ্রথমা প্রকাশন; _c2023. |
||
| 300 |
_a248 p. : _c22 cm. |
||
| 650 | _aHistory and Music | ||
| 942 |
_2ddc _cBK |
||
| 999 |
_c13489 _d13489 |
||